Neuroanatomy for medical students / (Record no. 190850)

MARC details
000 -LEADER
fixed length control field 01934nam a2200445 i 4500
001 - CONTROL NUMBER
control field EBC1643476
003 - CONTROL NUMBER IDENTIFIER
control field MiAaPQ
005 - DATE AND TIME OF LATEST TRANSACTION
control field 20240117144948.0
006 - FIXED-LENGTH DATA ELEMENTS--ADDITIONAL MATERIAL CHARACTERISTICS
fixed length control field m o d |
007 - PHYSICAL DESCRIPTION FIXED FIELD--GENERAL INFORMATION
fixed length control field cr cnu||||||||
008 - FIXED-LENGTH DATA ELEMENTS--GENERAL INFORMATION
fixed length control field 140328t19921992enka ob 001 0 eng d
020 ## - INTERNATIONAL STANDARD BOOK NUMBER
Canceled/invalid ISBN 9780750614474
020 ## - INTERNATIONAL STANDARD BOOK NUMBER
International Standard Book Number 9781483183916 (e-book)
035 ## - SYSTEM CONTROL NUMBER
System control number (MiAaPQ)EBC1643476
035 ## - SYSTEM CONTROL NUMBER
System control number (Au-PeEL)EBL1643476
035 ## - SYSTEM CONTROL NUMBER
System control number (CaPaEBR)ebr10849337
035 ## - SYSTEM CONTROL NUMBER
System control number (CaONFJC)MIL581971
035 ## - SYSTEM CONTROL NUMBER
System control number (OCoLC)874320632
040 ## - CATALOGING SOURCE
Original cataloging agency MiAaPQ
Language of cataloging eng
Description conventions rda
-- pn
Transcribing agency MiAaPQ
Modifying agency MiAaPQ
050 #4 - LIBRARY OF CONGRESS CALL NUMBER
Classification number QM451
Item number .W555 1992
082 04 - DEWEY DECIMAL CLASSIFICATION NUMBER
Classification number 611/.8
Edition number 20
100 1# - MAIN ENTRY--PERSONAL NAME
Personal name Wilkinson, J. L.
Fuller form of name (John Leonard),
Relator term author.
245 10 - TITLE STATEMENT
Title Neuroanatomy for medical students /
Statement of responsibility, etc. J. L. Wilkinson ; with a foreword by Lord Walton of Detchant.
250 ## - EDITION STATEMENT
Edition statement Second edition.
264 #1 - PRODUCTION, PUBLICATION, DISTRIBUTION, MANUFACTURE, AND COPYRIGHT NOTICE
Place of production, publication, distribution, manufacture Oxford, England :
Name of producer, publisher, distributor, manufacturer Butterworth-Heinemann,
Date of production, publication, distribution, manufacture, or copyright notice 1992.
264 #4 - PRODUCTION, PUBLICATION, DISTRIBUTION, MANUFACTURE, AND COPYRIGHT NOTICE
Date of production, publication, distribution, manufacture, or copyright notice 1992
300 ## - PHYSICAL DESCRIPTION
Extent 1 online resource (320 pages) :
Other physical details illustrations
336 ## - CONTENT TYPE
Content type term text
Source rdacontent
337 ## - MEDIA TYPE
Media type term computer
Source rdamedia
338 ## - CARRIER TYPE
Carrier type term online resource
Source rdacarrier
504 ## - BIBLIOGRAPHY, ETC. NOTE
Bibliography, etc. note Includes bibliographical references and index.
588 ## - SOURCE OF DESCRIPTION NOTE
Source of description note Description based on print version record.
590 ## - LOCAL NOTE (RLIN)
Local note Electronic reproduction. Ann Arbor, MI : ProQuest, 2015. Available via World Wide Web. Access may be limited to ProQuest affiliated libraries.
650 #0 - SUBJECT ADDED ENTRY--TOPICAL TERM
Topical term or geographic name entry element Neuroanatomy.
650 #0 - SUBJECT ADDED ENTRY--TOPICAL TERM
Topical term or geographic name entry element Nervous system
General subdivision Diseases.
655 #4 - INDEX TERM--GENRE/FORM
Genre/form data or focus term Electronic books.
700 1# - ADDED ENTRY--PERSONAL NAME
Personal name Walton, John Nicholas,
Relator term author of introduction, etc.
776 08 - ADDITIONAL PHYSICAL FORM ENTRY
Relationship information Print version:
Main entry heading Wilkinson, J. L. (John Leonard)
Title Neuroanatomy for medical students.
Place, publisher, and date of publication Oxford, England : Butterworth-Heinemann, c1992
Edition Second edition.
Physical description xiv, 307 pages
International Standard Book Number 9780750614474
Record control number 92228410
856 40 - ELECTRONIC LOCATION AND ACCESS
Uniform Resource Identifier https://ezproxy.taylors.edu.my/login?url=https://ebookcentral.proquest.com/lib/taylors/detail.action?docID=1643476
Public note An electronic book accessible through the World Wide Web; click to view
Holdings
Withdrawn status Lost status Source of classification or shelving scheme Damaged status Not for loan Home library Current library Date acquired Source of acquisition Cost, normal purchase price Total Checkouts Date last seen Cost, replacement price Price effective from Koha item type Public note
    Dewey Decimal Classification   e-book Taylor's Library-TU Taylor's Library - Perpetual(TU) 18/03/2024 119 543.00   18/03/2024 543.00 18/03/2024 Main Collection SOMxx,33001,03,RM,PPT